Corporate social responsibility : concepts and cases (Record no. 183067)

MARC details
000 -LEADER
fixed length control field 00448nam a2200157Ia 4500
005 - DATE AND TIME OF LATEST TRANSACTION
control field 20250318101440.0
008 - FIXED-LENGTH DATA ELEMENTS--GENERAL INFORMATION
fixed length control field 231217s9999 xx 000 0 und d
020 ## - INTERNATIONAL STANDARD BOOK NUMBER
International Standard Book Number 9788174464491
082 ## - DEWEY DECIMAL CLASSIFICATION NUMBER
Classification number 658.408 BAX;1 R
100 ## - MAIN ENTRY--PERSONAL NAME
Personal name Baxi, C V. Prasad, Ajit
245 #0 - TITLE STATEMENT
Title Corporate social responsibility : concepts and cases
260 ## - PUBLICATION, DISTRIBUTION, ETC. (IMPRINT)
Date of publication, distribution, etc. 2007
Name of publisher, distributor, etc. Exell Books
Place of publication, distribution, etc. New Delhi
300 ## - PHYSICAL DESCRIPTION
Extent xxi+534
650 ## - SUBJECT ADDED ENTRY--TOPICAL TERM
Topical term or geographic name as entry element Corporate,social,responsibility
942 ## - ADDED ENTRY ELEMENTS (KOHA)
Koha item type Books
Holdings
Date last seen Total Checkouts Full call number Accession number Old discount Cost, replacement price Price effective from Category Lost status Damaged status Department Withdrawn status bill no. bill date Permanent Location Current Location Shelving location Entry date Vendor Cost, normal purchase price Grants Currency symbol Conversion rate Discount Discount type
26/01/2024   658.408 BAX;1 R 54116 25 281.25 26/01/2024 Books     Central Library   2009/CRB/0000019 25/09/2012 Central Library Central Library Central Library 24/04/2009 Intact Book House Pvt Ltd 375.00 MBA RS 1 93.75 Rupees

© For any Suggestions or Query, please contact the library staff @ librarian@pes.edu or Phone: +9180 2672 1983/ 2108.